000 00614nam a2200169 i 4500
001 165326
003 ES-MaACL
005 20230906213120.0
008 050819s1883 fr a | |||||||| ||fre d
040 _aCAM
_bspa
_cCAM
100 1 _aSicard, Adrien.
_9132709
245 1 0 _aEtudes sur l'huille antiphylloxérique Alexis Roux /
_cpar Adrien Sicard.
260 _aMarseille :
_bCamoin,
_c1883 (
_fTyp. et lith. Cayer & Cie)
300 _a67 p., X h. pleg. de lám. ;
_c26 cm.
650 4 _aFiloxera.
_9136118
852 _aES-MaACL
_jT-670-F-6
_z-- Enc. hol. conservando la cub. original
_z-- Enc. en un vol. facticio
999 _c165326
_d165326